Fundamentals of Residential Construction / (Record no. 8625)

MARC details
000 -LEADER
fixed length control field 00669nam a22001817a 4500
003 - CONTROL NUMBER IDENTIFIER
control field OSt
005 - DATE AND TIME OF LATEST TRANSACTION
control field 20260311120106.0
008 - FIXED-LENGTH DATA ELEMENTS--GENERAL INFORMATION
fixed length control field 260311b |||||||| |||| 00| 0 eng d
020 ## - INTERNATIONAL STANDARD BOOK NUMBER
International Standard Book Number 9781119811565
040 ## - CATALOGING SOURCE
Transcribing agency n
082 ## - DEWEY DECIMAL CLASSIFICATION NUMBER
Classification number 690 A45 2022
100 ## - MAIN ENTRY--PERSONAL NAME
Personal name Allen, Edward
245 ## - TITLE STATEMENT
Title Fundamentals of Residential Construction /
Statement of responsibility, etc. Edward Allen – Alexander C. Schreyer – Rob Thallon
260 ## - PUBLICATION, DISTRIBUTION, ETC.
Name of publisher, distributor, etc. Hoboken, NJ – John Wiley & Sons – 2022
300 ## - PHYSICAL DESCRIPTION
Extent 832 pages : illustrations ; 28 cm
650 ## - SUBJECT ADDED ENTRY--TOPICAL TERM
Topical term or geographic name entry element Residential buildings — Construction – House construction – Building construction – Sustainable building – Construction management
942 ## - ADDED ENTRY ELEMENTS (KOHA)
Source of classification or shelving scheme Dewey Decimal Classification
Koha item type English Book
Suppress in OPAC No
Holdings
Withdrawn status Lost status Source of classification or shelving scheme Damaged status Not for loan Home library Current library Date acquired Total Checkouts Full call number Barcode Date last seen Price effective from Koha item type
    Dewey Decimal Classification     CENTRAL TUWAIQ 03/11/2026   690 A45 2022 1000000025893 03/11/2026 03/11/2026 English Book